ARRUPE JESUIT UNIVERSITY

CORONAVIRUS -STOP THE SPREAD - CLEAN,DISINFECT,COVER

With the flag to Pretoria (Record no. 119337)

MARC details
000 -LEADER
fixed length control field 00425nam a22001337a 4500
008 - FIXED-LENGTH DATA ELEMENTS--GENERAL INFORMATION
fixed length control field 131218b xxu||||| |||| 00| 0 eng d
050 ## - LIBRARY OF CONGRESS CALL NUMBER
Classification number SPC DT930.W74
100 ## - MAIN ENTRY--PERSONAL NAME
Personal name Wilson, Herbert Wrigley
9 (RLIN) 5904
245 ## - TITLE STATEMENT
Title With the flag to Pretoria
Remainder of title A history of the Boer War of 1899-1902
260 ## - PUBLICATION, DISTRIBUTION, ETC. (IMPRINT)
Place of publication, distribution, etc London
Name of publisher, distributor, etc Harmsworth Brothers
Date of publication, distribution, etc 1900
300 ## - PHYSICAL DESCRIPTION
Extent 2v.
Dimensions 32cm
650 ## - SUBJECT ADDED ENTRY--TOPICAL TERM
Topical term or geographic name as entry element South African War 1899-1902
9 (RLIN) 5905
942 ## - ADDED ENTRY ELEMENTS (KOHA)
Source of classification or shelving scheme Library of Congress Classification
Item type Monograph ( Printed materials)
Holdings
Withdrawn status Lost status Source of classification or shelving scheme Damaged status Not for loan Home library Current library Date acquired Total Checkouts Full call number Barcode Date last seen Copy number Price effective from Koha item type Collection code Shelving location
    Library of Congress Classification     ARRUPE LIBRARY ARRUPE LIBRARY 18/12/2013   SPC DT930.W74 464122530 18/12/2013 v.1 18/12/2013 SPC    
    Library of Congress Classification     ARRUPE LIBRARY ARRUPE LIBRARY 18/12/2013   SPC DT930.W74 464122531 18/12/2013 v.2 18/12/2013 SPC    
    Library of Congress Classification     ARRUPE LIBRARY ARRUPE LIBRARY 03/02/2016   SPC DT930.W74 46500006092 03/02/2016 3 03/02/2016 SPC SPECIAL Collection Main Collection

 

Arrupe Library. PO Box MP320 Mt Pleasant, Harare, Zimbabwe
263 242 745411|librarian@aju.ac.zw